| 000 | 00566nam a2200205Ia 4500 | ||
|---|---|---|---|
| 005 | 20250508162406.0 | ||
| 008 | 008 250505s9999 xx 000 0 eng d | ||
| 037 | _aTextual | ||
| 040 |
_aFEDL _beng _cFEDL |
||
| 041 |
_aeng _2eng |
||
| 084 |
_a181.4, DAN _qFEDL |
||
| 100 | _aDandekar R. N. | ||
| 245 | 0 | _aExercises in indology | |
| 260 |
_aDelhi, India _bAjanta Publications _c1981 |
||
| 300 | _aviii,385p | ||
| 490 | _aSelect writings, 3 | ||
| 650 |
_aOriental philosophy _9755543 |
||
| 942 |
_cTEXL _h181.4, DAN |
||
| 999 |
_c1376259 _d1376259 |
||